US Cities (200k+ population) that start and end in a vowel - Statistics

General Stats
  • This quiz has been taken 35 times
  • The average score is 6 of 9
Answer Stats
Rounded 000s Answer % Correct
486 Atlanta
92%
287 Orlando
81%
684 El Paso
73%
467 Omaha
73%
559 Albuquerque
58%
277 Irvine
54%
294 Anchorage
50%
367 Aurora
50%
200 Aurora
50%
No matching quizzes found
Score Distribution
Percent of People with Each Score
Percentile by Number Answered
Your Score History
You have not taken this quiz